[Event "GRE-chT Online Rapid op 1st"]
[Site "Tornelo INT"]
[Date "2021.02.21"]
[Round "9.32"]
[White "Otake, Aineias"]
[Black "Plevrakis, Ioannis"]
[Result "0-1"]
[WhiteElo "1008"]
[BlackElo "1573"]
[PlyCount "78"]
[EventDate "2021.02.20"]
[EventType "team-swiss (rapid)"]
[EventRounds "9"]
[EventCountry "GRE"]
[SourceTitle "EXT 2023"]
[Source "ChessBase"]
[SourceDate "2022.10.05"]
[SourceVersion "1"]
[SourceVersionDate "2022.10.05"]
[SourceQuality "1"]

1. d4 d6 2. c4 c6 3. e4 Qc7 4. Nf3 e5 5. d5 Nf6 6. Nc3 Nbd7 7. Bd2 b6 8. Bd3 Bb7 9. 0-0 Be7 10. Ne1 Nc5 11. f4 Nxd3 12. Nxd3 Ba6 13. b3 cxd5 14. exd5 e4 15. Nb4 Bb7 16. Re1 Qc5+ 17. Kh1 0-0 18. Nc2 Qc8 19. Nxe4 Nxe4 20. Rxe4 Bf6 21. Rc1 Qf5 22. Re1 Rfe8 23. Ne3 Qxf4 24. Rf1 Qd4 25. Nf5 Qc5 26. Bf4 Be5 27. Be3 Qc7 28. Bg5 f6 29. Bd2 Rad8 30. Qg4 Bc8 31. Bh6 Bxf5 32. Rxf5 Qf7 33. Rcf1 Kh8 34. Rg5 gxh6 35. Rgf5 Rg8 36. Qh3 Rg6 37. Rh5 Qg7 38. Rg1 Rg8 39. Rf5 Bd4 0-1

[Event "GRE-chT Online Rapid op 1st"]
[Site "Tornelo INT"]
[Date "2021.02.21"]
[Round "8.32"]
[White "Plevrakis, Ioannis"]
[Black "Hatziveis, Stylianos"]
[Result "1-0"]
[WhiteElo "1573"]
[BlackElo "1310"]
[PlyCount "107"]
[EventDate "2021.02.20"]
[EventType "team-swiss (rapid)"]
[EventRounds "9"]
[EventCountry "GRE"]
[SourceTitle "EXT 2023"]
[Source "ChessBase"]
[SourceDate "2022.10.05"]
[SourceVersion "1"]
[SourceVersionDate "2022.10.05"]
[SourceQuality "1"]

1. e4 e5 2. Nf3 Nc6 3. Bc4 Nf6 4. Ng5 d5 5. exd5 b5 6. Bxb5 Qxd5 7. Bxc6+ Qxc6 8. Qf3 Bb7 9. Qxc6+ Bxc6 10. Rg1 Bc5 11. d3 Rb8 12. b3 Ng4 13. Nh3 Nxh2 14. Bb2 Ng4 15. Nd2 0-0 16. 0-0-0 Nxf2 17. Nxf2 Bxf2 18. Rgf1 Bd4 19. Bxd4 exd4 20. g4 Rfe8 21. Rf4 Re3 22. Rdf1 f6 23. Rxd4 Rg3 24. Nc4 Rc8 25. Re1 Bb5 26. a4 Bc6 27. Ne3 Bf3 28. Nf5 Rxg4 29. Rxg4 Bxg4 30. Ne7+ Kf7 31. Nxc8 Bxc8 32. Kd2 g5 33. Ke3 h5 34. Kf2 f5 35. d4 g4 36. Kg3 Kg6 37. Kh4 c6 38. Re8 Bd7 39. Rd8 Be6 40. Rd6 Kf6 41. Rxc6 f4 42. d5 Ke7 43. Rxe6+ Kd7 44. c4 a6 45. b4 g3 46. Rg6 Ke7 47. c5 Kf7 48. Rg5 Kf6 49. c6 Ke7 50. b5 a5 51. b6 Kd6 52. b7 Kc7 53. Rg8 Kb6 54. b8Q+ 1-0

[Event "Athens Erythraias op 2rd"]
[Site "Athens"]
[Date "2015.04.02"]
[Round "6"]
[White "Plevrakis, Ioannis"]
[Black "Zografos, Fotios"]
[Result "0-1"]
[WhiteElo "1000"]
[BlackElo "1563"]
[PlyCount "86"]
[EventDate "2015.01.30"]
[EventType "swiss"]
[EventRounds "7"]
[EventCountry "GRE"]
[SourceTitle "EXT 2024"]
[Source "ChessBase"]
[SourceDate "2023.10.10"]
[SourceVersion "1"]
[SourceVersionDate "2023.10.10"]
[SourceQuality "1"]

1. e4 e6 2. d4 d5 3. exd5 exd5 4. Nf3 Bg4 5. Be2 Bd6 6. c4 Nf6 7. Nc3 c6 8. Be3 0-0 9. Qb3 Qb6 10. Qc2 Be7 11. b3 Nbd7 12. c5 Qc7 13. Bd3 Bxf3 14. gxf3 g6 15. 0-0-0 b6 16. b4 a5 17. cxb6 Qxb6 18. b5 cxb5 19. Bxb5 Rfc8 20. a4 Ba3+ 21. Kb1 Bb4 22. Rd3 Qd6 23. Qb3 Nb6 24. Ne2 Nc4 25. Bf4 Qe6 26. Qd1 Na3+ 27. Ka2 Rc2+ 28. Ka1 Qxe2 29. Qxe2 Rxe2 30. Rxa3 Rxf2 31. Rd3 Rc8 32. Rb3 Rcc2 33. Be5 Nh5 34. Bd3 Ra2+ 35. Kb1 Rxa4 36. Rc1 f6 37. Bc7 Raa2 38. Bb5 Ba3 39. Rc5 Bxc5 40. dxc5 a4 41. Rb4 a3 42. Bc6 Rad2 43. Ka1 a2 0-1

[Event "Athens Erythraias op 2rd"]
[Site "Athens"]
[Date "2015.03.05"]
[Round "2"]
[White "Ilaridis, Mihail"]
[Black "Plevrakis, Ioannis"]
[Result "0-1"]
[WhiteElo "1523"]
[BlackElo "1000"]
[PlyCount "76"]
[EventDate "2015.01.30"]
[EventType "swiss"]
[EventRounds "7"]
[EventCountry "GRE"]
[SourceTitle "EXT 2024"]
[Source "ChessBase"]
[SourceDate "2023.10.10"]
[SourceVersion "1"]
[SourceVersionDate "2023.10.10"]
[SourceQuality "1"]

1. b4 e5 2. Bb2 d6 3. e3 Nf6 4. a3 b6 5. Nf3 Bb7 6. c4 Nbd7 7. Be2 Be7 8. Nc3 0-0 9. 0-0 Re8 10. Qc2 Bf8 11. d3 c5 12. b5 a6 13. a4 d5 14. bxa6 Rxa6 15. Nb5 d4 16. e4 h6 17. Bc1 Nb8 18. g3 Nc6 19. Bd2 Bc8 20. Nh4 Bh3 21. Rfb1 Qd7 22. Qc1 Ne7 23. a5 bxa5 24. Bxa5 Rc8 25. Rb2 Ne8 26. Rba2 Rca8 27. f3 Nc6 28. Qd2 Be7 29. Ng2 Bg5 30. f4 exf4 31. gxf4 Bxg2 32. Kxg2 Bxf4 33. Qxf4 Rxa5 34. Rxa5 Rxa5 35. Re1 Qe7 36. Kh1 Ne5 37. Rg1 Ra2 38. Qxh6 Rxe2 0-1